000 04720nam a22017894i 4500
003 PE-LiUPU
005 20250813165509.0
008 171213s2017 mx 0 r0 000 0 spa d
020 _a9786073154369
035 _a(Sirsi) a240456
040 _aESALI
_bspa
_cESALI
_dCKJAV
_dPE-LiUPU
_erda
041 1 _aspa
_heng
082 0 4 _a658.4
_bD18
_222
110 2 _aDale Carnegie & Associates,
_eautor.
245 1 0 _aMaestría en liderazgo :
_btécnicas y consejos para desafiarse a usted mismo, desafiar a otros y alcanzar la grandeza ;
_cDale Carnegie & Associates.
250 _aPrimera edición.
264 _aMéxico :
_bDebolsillo,
_c2017.
300 _a345 páginas ;
_c20 centímetros.
490 1 _aDebolsillo
505 0 _aLo que hacen los lideres -- Comunicación y expectativas --Motivación que empodera -- Cuando la enseñanza hace la diferencia -- La impronta del talento para el liderazgo -- Las cuatro cualidades de los maestros del liderazgo -- Aceptar el riesgo -- Confrontar la aversión al riesgo -- Liderazgo organizacional -- Las tácticas de los grandes líderes organizacionales -- Encuentre su propio estilo de liderazgo -- Continúe descubriendo su estilo de liderazgo -- Liderazgo en equilibrio I: salud general -- Liderazgo en equilibrio II: tiempo y familia -- Liderazgo en el nuevo ámbito laboral -- Diversificar y humanizar su organización -- Tácticas y técnicas prácticas -- Coherencias, competencia y comunicación telefónica -- Cómo manejar una crisis -- El gerenciamiento del manejo de las de crisis -- Construya cimientos firmes para un futuro impredecible -- A manera de conclusión.
526 _aP203
526 _aP200
526 _aSEG65
526 _aSEG64
526 _aSEG63
526 _aSEG62
526 _aSEG61
526 _aSEG60
526 _aSEG59
526 _aSEG58
526 _aSEG57
526 _aSEG56
526 _aSEG55
526 _aSEG54
526 _aSEG53
526 _aSEG52
526 _aSEG51
526 _aSEG50
526 _aSEG49
526 _aSEG48
526 _aSEG47
526 _aSEG46
526 _aSEG24
526 _aSEG23
526 _aSEG22
526 _aSEG21
526 _aSEG20
526 _aSEG19
526 _aSEG18
526 _aSEG17
526 _aSEG16
526 _aSEG14
526 _aSEG13
526 _aSEG12
526 _aSEG11
526 _aSEG10
526 _aSEG09
526 _aSEG06
526 _aSEG05
526 _aSEG04
526 _aSEG03
526 _aSEG02
526 _aSEG68
526 _aSEG66
526 _aSEG45
526 _aSEG25
526 _aSEG01
526 _aP163
526 _aP162
526 _aP161
526 _aP160
526 _aP159
526 _aP158
526 _aP157
526 _aP156
526 _aP155
526 _aP154
526 _aP153
526 _aP152
526 _aP151
526 _aP150
526 _aP149
526 _aP142
526 _aP141
526 _aP140
526 _aP139
526 _aP138
526 _aP137
526 _aP132
526 _aP131
526 _aP130
526 _aP126
526 _aP125
526 _aP124
526 _aP123
526 _aP115
526 _aP122
526 _aP121
526 _aP116
526 _a P114
526 _aP112
526 _aP111
526 _aP104
526 _aP103
526 _aP102
526 _aP101
526 _aP100
526 _aP96
526 _aP95
526 _aP93
526 _aP92
526 _aP91
526 _aP88
526 _aP83
526 _aP82
526 _aP79
526 _aP78
526 _aP75
526 _aP74
526 _aP71
526 _aP69
526 _a P51
526 _aP49
526 _aP48
526 _aP47
526 _aP33
526 _aP31
526 _a P30
526 _aP29
526 _aP27
526 _aP26
526 _aP25
526 _aP24
526 _a P22
526 _aP10
526 _aP09
526 _a P08
526 _aP06
526 _aP05
526 _aP04
526 _aP01
541 _g004-220687;
650 0 4 _aExecutive ability.
650 0 4 _aLeadership.
650 0 4 _aCapacidad ejecutiva.
650 0 4 _aLiderazgo.
910 _adbm
_bksl
_cksl
_d20171213
942 _2ddc
_cBOOK
994 _aC0
_bPEPRU
596 _a1
999 _a658.4 D18
_wLC
_c26120
_i77447
_d26120
_e2019-10-15
_f2021-11-8
_g4
_lCCODEBUL1
_mBUL
_n7
_p12.06
_q2
_r0
_sY
_tBOOK
_u2017-12-13
_xFCE
_PP69
_0COMPRA
_o.STAFF. Colección Ciencias de la Salud
980 _81
_gALBERTO SANCHEZ Responsable de Automatización